| 000 | 00542nam a22001697a 4500 | ||
|---|---|---|---|
| 005 | 20240919081711.0 | ||
| 008 | 231208b |||||||| |||| 00| 0 eng d | ||
| 020 | _a9780409017496 ; 9780409016284 | ||
| 041 | _aEnglish | ||
| 082 | _a349 BUT | ||
| 100 | _lEnglish | ||
| 245 |
_aButterworths Forms and Precedents : _bEntertainment Law _cedited by M Govender |
||
| 260 |
_aDurban : _bLexisNexis (Pty) Ltd, _c2000 |
||
| 300 |
_bvii, 713 pages ; _c26 cm. |
||
| 650 |
_aLegal practice _bLaw |
||
| 942 |
_cBK _6ALISON_BN_VRIES |
||
| 999 |
_c1171 _d1171 |
||